01015nam a22002777a 4500001000500000005001700005020001800022040002900040050001500069082000800084100001800092245005900110260003700169300002200206490002700228505000700255520021700262521001700479521001700496650001400513650001200527700003200539942001500571999001500586952013600601208520250808145215.0 a9780142411773 aFISKHbengcFISKHdFISKH aPZ7.S41267 a206 aScieszka, Jon aMarco? Polo! /cThe Time Warp Trio No.16 Jon Scienszka aNew York :bPuffin Groups,c2006 a90 pages :c20 cm 3The time warp triov16 aK  aThe Time Warp Trio find themselves in a desert in China, and in order to retrieve their magical book from the court of Kublai Khan, they must pose as astrologers and join the caravan of Marco Polo and his father. a550 blexile aK bRaz-Plus aAdventure aFriends aMcCauley, Adameillustrator 2ddccBKn0 c2085d2085 00102ddc40708JUVFa002b002cTTP Yellow d2025-08-08l0oSCI 206 PZ7.S41267pFISTK00339r2023-11-06 09:15:04t1w2025-08-08yBK